000 00368nam a22001457a 4500
005 20160201103336.0
008 160201b xxu||||| |||| 00| 0 eng d
040 _cPK-LaUMT
082 _aAMC 956.046
_bYAE-S
100 _aYael dayan
245 _aA soldier's diary
_bsinai 1967
_cYael dayan
260 _aLondon
_bPenguin books
_c1967
300 _a139 p.
942 _cBK
999 _c82436
_d82436